Canadian Capitals - Statistics

General Stats
  • This quiz has been taken 55 times
  • The average score is 10 of 13
Answer Stats
Provinces Capitals % Correct
Ontario Toronto
98%
Alberta Edmonton
95%
Quebec Quebec City
95%
Nova Scotia Halifax
90%
Manitoba Winnipeg
90%
Saskatchewan Regina
83%
Northwest Territories Yellowknife
83%
Newfoundland and Labrador St John's
78%
British Columbia Victoria
76%
Yukon Whitehorse
68%
Prince Edward Island Charlottetown
61%
New Brunswick Fredericton
51%
Nunavut Iqaluit
44%
No matching quizzes found
Score Distribution
Percent of People with Each Score
Percentile by Number Answered
Your Score History
You have not taken this quiz